El carmelita

Salvato in:
Dettagli Bibliografici
Autore principale: Groseclose, Elgin (Autore)
Natura: Libro
Lingua:spagnolo
Pubblicazione: Santiago Círculo Literario 1957
Soggetti:
Tags: Aggiungi Tag
Nessun Tag, puoi essere il primo ad aggiungerne!!

MARC

LEADER 00000nam a2200000 a 4500
001 UCQ3200
003 CL-VaPUC
008 980817e19570000CL |||||||||||||||||spa|d
082 0 4 |a 813  |b GRO  |2 21 
100 0 |a Groseclose, Elgin  |e author  |9 417241 
245 1 3 |a El carmelita 
300 |a 331 p 
942 |c BK 
945 |d 19980817 00:00:00  |a crobeson 
260 |a Santiago  |b Círculo Literario  |c 1957 
650 0 |a Novelas estadounidenses  |9 265217 
650 0 |a Literatura estadounidense  |9 317168 
583 |a last modification  |c 19980817 00:00:00  |k Rodrigo Vera 
999 |c 273799  |d 273797 
952 |0 0  |1 0  |4 0  |6 813_000000000000000_GRO_1957  |7 0  |8 A  |9 309665  |a BIBEDU  |b BIBEDU  |d 2019-11-20  |i 1452479  |o 813 GRO 1957  |p 1452479  |r 2019-11-20  |w 2019-11-20  |y BK  |k LIT